000 00319nam a22001337a 4500
008 180208b xxu||||| |||| 00| 0 eng d
020 _a0840327390
041 _aeng
080 _a159.9
100 _a49
101 _aPSI
245 _aCrisis intervention a handbook for interveners
_cGreenstone,J.L
942 _2udc
_cBK
999 _c42126
_d42126